| 000 | 01419nam1a22002891i 4500 | ||
|---|---|---|---|
| 001 | v19\rc\1436399 | ||
| 005 | 20260406141000.0 | ||
| 035 | _a(NLR Aleph) 004581000 | ||
| 090 |
_a2529252 _c2529252 |
||
| 100 | _a20060620g18711873|||y0rusy50 ca | ||
| 101 | 0 | _arus | |
| 102 | _aRU | ||
| 105 | _ay z ||||| | ||
| 200 | 1 | _aЖурнал заседания Московского комитета грамотности... | |
| 210 |
_a[Москва _d1871]-ценз. 1873-1873 |
||
| 215 | _d23 | ||
| 300 | _aВ части изд. загл.: Журналы заседаний Комитета грамотности, состоящего при Московском обществе сельского хозяйства | ||
| 517 | 0 | _aЖурналы заседаний Комитета грамотности, состоящего при Московском обществе сельского хозяйства | |
| 710 | 0 | 2 |
_aМосковское общество сельского хозяйства _bКомитет грамотности _3RU\NLR\AUTH\889920045 _9336327 |
| 801 | 0 |
_aRU _bNLR _gpsbo |
|
| 801 | 0 |
_aRU _bRuMoRGB _2psbo |
|
| 801 | 1 |
_aRU _bProSoft-M _2rusmarc |
|
| 852 |
_aNLR _jШифры разные |
||
| 899 |
_aRuMoRGB (19 окт. и 26 нояб. 1871) _jA 198/446 |
||
| 899 |
_aRuMoRGB (19 окт. и 26 нояб. 1871) _jU 402/827 |
||
| 899 | _aГПИБ (19 окт. и 26 нояб. 1871) | ||
| 942 | _cBOOK | ||